Loading...
| Social Science | 0 | 12 | 0 | 3 | 120 | 68 | 94.33 | 3 | 6 | 0.00 | 0.00 |
| Literature - World | 0 | 12 | 0 | 0 | 120 | 51 | 105.33 | 2 | 7 | 0.00 | 0.00 |
| Fine Arts - Other | 0 | 12 | 0 | 0 | 120 | 47 | 95.75 | 2 | 5 | 0.00 | 0.00 |
| Philosophy | 0 | 11 | 1 | 0 | 105 | 76 | 95.00 | 1 | 8 | 0.00 | 0.00 |
| History - European | 0 | 10 | 0 | 0 | 100 | 69 | 105.00 | 2 | 4 | 0.00 | 0.00 |
| Fine Arts - Painting & Sculpture | 0 | 11 | 2 | 2 | 100 | 87 | 115.91 | 0 | 1 | 0.00 | 0.00 |
| Literature - American | 0 | 10 | 0 | 1 | 100 | 32 | 104.60 | 1 | 3 | 0.00 | 0.00 |
| History - American | 0 | 10 | 2 | 0 | 90 | 23 | 91.50 | 2 | 5 | 0.00 | 0.00 |
| Religion | 0 | 9 | 1 | 0 | 85 | 65 | 95.56 | 1 | 5 | 0.00 | 0.00 |
| Literature - European | 0 | 8 | 0 | 1 | 80 | 79 | 108.50 | 0 | 4 | 0.00 | 0.00 |
| Fine Arts - Classical Music | 0 | 9 | 2 | 0 | 80 | 75 | 112.89 | 1 | 3 | 0.00 | 0.00 |
| History - World | 0 | 8 | 1 | 1 | 75 | 109 | 124.88 | 1 | 1 | 0.00 | 0.00 |
| Literature - British | 0 | 6 | 0 | 0 | 60 | 98 | 113.67 | 0 | 1 | 0.00 | 0.00 |
| Current Events | 0 | 5 | 0 | 0 | 50 | 78 | 93.80 | 0 | 0 | 0.00 | 0.00 |
| Mythology | 0 | 5 | 1 | 1 | 45 | 87 | 103.60 | 0 | 2 | 0.00 | 0.00 |
| Science - Biology | 0 | 3 | 0 | 0 | 30 | 94 | 97.33 | 0 | 0 | 0.00 | 0.00 |
| Science - Other | 0 | 3 | 0 | 0 | 30 | 70 | 81.67 | 0 | 2 | 0.00 | 0.00 |
| History - Other | 0 | 4 | 3 | 1 | 25 | 60 | 101.75 | 0 | 0 | 0.00 | 0.00 |
| Other Academic | 0 | 3 | 1 | 0 | 25 | 69 | 100.33 | 1 | 1 | 0.00 | 0.00 |
| Geography | 0 | 3 | 1 | 1 | 25 | 102 | 125.33 | 0 | 1 | 0.00 | 0.00 |